000 00818nam a2200265 a 4500
001 58176
003 BD-RjUL
005 20211209080608.0
008 161217s2002 enkb 001 0 eng
020 _a1857431480
035 _a(BD-RjUL)58300
040 _aUKM
_cUKM
_dBD-RjUL
_beng
041 _aeng
082 0 4 _a320.12954
_223
_bTER 2002
245 0 4 _aThe territories and states of India /
_c[editors, Tara Boland-Crewe, David Lea]
260 _aLondon :
_bEuropa,
_c2002.
300 _aix, 308 p. :
_bmaps ;
_c25 cm.
500 _aIncludes index.
651 0 _aIndia
_xTerritories and possessions.
_9172811
651 0 _aIndia
_xTerritories and possessions
_xHistory.
_9172812
700 1 _aBoland-Crewe, Tara.
_9172813
700 1 _aLea, David,
_d1972-
_9172814
942 _2ddc
_cBK
999 _c58176
_d58176